00990cam a2200205 i 4500020003000000041001300030082001900043100002900062245009500091260003400186300001600220504005100236520029300287546001300580650002900593650002000622650003300642650004600675650006300721 a9780415706742 (paperback) aEnglish.00a327.101bACH-R1 aAcharya, Amitaveauthor.10aRethinking power, institutions and ideas in world politics :bwhose IR? /cAmitav Acharya. aNew York :bRoutledge,c2014. avii, 264 p. aIncludes bibliographical references and index. a"In this collection of work by renowned scholar Amitav Acharya, Acharya draws on extensive research from throughout his career and examines the dominant understandings of three of the most important theoretical concepts used by scholars of world politics: power, institutions and ideas"-- aEnglish. 0aInternational relations. 0aWorld politics. 7aPOLITICAL SCIENCE / General. 7aPOLITICAL SCIENCE / Civics & Citizenship. 7aPOLITICAL SCIENCE / Political Process / Political Parties.